000 01258cad a22002415a 4500
001 L152530
008 110323s2008 xxk f 000 0 eng d
035 _a(Sirsi) u152530
041 0 _aeng
110 2 _aBritish Standards Institution
_9130
245 0 0 _aInvestors report
_bbuilding information modelling (BIM)
_h[electronic resource]
260 _aLondon
_bBSI
_c2008
520 _aA glance at BIM lists the key benefits, key projects in the UK, and early adopters of Building Information Modelling; examines BIM entering the mainstream UK construction market and the problems faced, defines Building Infomation Modelling, and discusses reasons for considering it.
590 _aKA NTK
650 2 4 _aBUILDING INFORMATION MODELLING
650 2 4 _aBIM
_96219
651 4 _aInternational
690 _aBIM
_96219
710 1 _aBew and Richards
856 4 0 _uhttps://shop.bsigroup.com/en/Browse-by-Sector/Building--Construction/Building-Information-Modelling/
_zView the website at http://shop.bsigroup.com/en/Browse-by-Sector/Building--Construction/Building-Information-Modelling/
856 4 0 _uhttps://www.bimtaskgroup.org/wp-content/uploads/2012/03/InvestorsReport-BIM.pdf
_zView the report free of charge at www.bimtaskgroup.org
942 _n0
999 _c112097
_d112097